The sociological ambition (Record no. 55574)
[ view plain ]
| 000 -LEADER | |
|---|---|
| fixed length control field | 01314nam a2200349 a 4500 |
| 082 04 - DEWEY DECIMAL CLASSIFICATION NUMBER | |
| Classification number | 301/.09 |
| 100 1# - MAIN ENTRY--AUTHOR NAME | |
| Personal name | Shilling, Chris. |
| 245 14 - TITLE STATEMENT | |
| Title | The sociological ambition |
| 260 ## - PUBLICATION, DISTRIBUTION, ETC. (IMPRINT) | |
| Place of publication | London ; |
| -- | Thousand Oaks : |
| Name of publisher | SAGE, |
| Year of publication | 2001. |
| 300 ## - PHYSICAL DESCRIPTION | |
| Number of Pages | 237 p. |
| 490 1# - SERIES STATEMENT | |
| Series statement | Theory, culture & society |
| 650 #0 - SUBJECT ADDED ENTRY--TOPICAL TERM | |
| Topical Term | Sociology |
| Topical Term | Ethics. |
| 700 1# - ADDED ENTRY--PERSONAL NAME | |
| Personal name | Mellor, Philip A. |
| 856 40 - ELECTRONIC LOCATION AND ACCESS | |
| Uniform Resource Identifier | http://site.ebrary.com/lib/rucke/Doc?id=10080973 |
No items available.
